Statistics for 10 Closest US Capitals To Vancouver

Click here to take the quiz!

General Stats

  • This quiz has been taken 81 times
  • The average score is 9 of 10

Answer Stats

Answer% Correct
Olympia
97%
Boise
96%
Sacramento
95%
Salem
93%
Salt Lake City
89%
Helena
88%
Carson City
81%
Juneau
77%
Cheyenne
77%
Bismarck
63%

Score Distribution

Percentile by Number Answered

Percent of People with Each Score

Your Score History

You have not taken this quiz